| 000 | 02022nam a22002777a 4500 | ||
|---|---|---|---|
| 005 | 20120227113325.0 | ||
| 010 | _aB-446540-546 | ||
| 020 |
_a9788125035282 _c795.00 |
||
| 035 | _aB-446540-546 | ||
| 037 | _bBPPD/PUB | ||
| 082 | _a615.53809 | ||
| 100 |
_aBanerjee, Madhulika _943313 |
||
| 245 |
_aPower,knowledge,Medicine : _bby Madhulika Banerjee _cayurvedic pharmaceuticals / |
||
| 260 |
_aNew Delhi _bOrient Blackswan _c2009 |
||
| 270 |
_a1/24, Asaf Ali Road _bNew Delhi _e110002 _mdelhi@orientblackswan.com |
||
| 300 |
_axviii330p. _bIncludes bibliographical refrences _c22cm.(Hb) |
||
| 942 |
_2ddc _cEN _mBAN |
||
| 999 |
_c63478 _d63478 |
||